00949 2200337 4500001002100000005001500021007000300036008004100039020002200080035002000102040001700122041000800139082001800147084001800165090002100183100003200204245005800236250001000294264003100304300003700335336002100372337003000393338002300423500002900446504002500475650002400500700003300524850001000557990002200567990002200589INLIS00000000000542420260513085427ta260513 0  a978-979-039-352-3 a0010-0222000514 aSBPUPADbind0 aind a297.061 RID b a297.061 RID b a297.5 MAH j 3-100 aAchmad Ali RidhoePengarang1 aBekam Sinergi /cAchmad Ali Ridho.; Editor, Layla T.M aCet 3 aSolo :bAqwam Media,c2016 axx 400 hlm :bilus. ;c24 cmeCD 2rdacontentaTeks 2rdamediaaTanpa Perantara 2rdacarrieraVolume aBiodata Penulis, hlm 395 abibliografi, hlm 397 4aIslam dan Kesehatan0 aEditor, Layla T.MePengarang aPUPAD a23.220/H/DPK/2017 a23.221/H/DPK/2017